| 000 | 00516cam a2200217ua 4500 | ||
|---|---|---|---|
| 001 | 8530 | ||
| 005 | 20260515114339.0 | ||
| 008 | 150213n ii |||gr||||Z||||||eng | ||
| 020 | _a9788123729367 | ||
| 040 | _cMAIN | ||
| 041 | _aeng | ||
| 082 | _a420.954 | ||
| 100 |
_aHardar,G., _eAuthor. |
||
| 245 |
_aLanguages of India _cBy Gopal Haldar |
||
| 250 | _a1st. | ||
| 260 |
_aNew Delhi: _bNational, _c2000. |
||
| 300 | _axx,194p. | ||
| 653 | _aEnglish & Old English | ||
| 653 | _aLanguages of India | ||
| 942 | _cBK | ||
| 999 |
_c7625 _d7625 |
||